1233 1459 1404 1906 1448 1255 1034 1069 1412 1884 1636 1867 1894 1481 1896 1793 1334 1010 1070 1349 1700 1869 1098 1532 1019 1203 1934 1686 1720 1732 1926 1745 1776 1998 1671 1364 1952 1104 1170 1559 1053 1845 1834 1814 1698 1168 1069 1884 1668 1691 1227 1710 1287 1227 1452 1647 1549 1492 1021 1936 1852 1343 1017 1766 1107 1024 1513 1513 1550 1256 1527 1508 1394 1459 1306 1135 1499 1078 1706 1201 1301 1147 1962 1614 1400 1513 1773 1003 1021 1583 1857 1484 1196 1871 1406 1714 1299 1522 1521 BCNSPRNW ULIB Ver.6.0+V

เปลี่ยนเป็นภาษาไทย

Change to English
 แสดงรายละเอียดบรรณานุกรม
  กลับหน้าหลัก

Brief Record : Get Marc (ISO 2709) : E-mail record : QR code < ปิดหน้าต่าง
LEADER : 00000nam 2200000uu 4500
001    13399111853
003     ULIB
008    110627s2552||||th 000 0 tha d
020    978611500005
090    นว.^bณ429ร 2552
100 0  ณารา
245 00 รอยรักหักเหลี่ยมตะวัน/^cณารา
250    พิมพ์ครั้งที่ 4
260    กรุงเทพฯ :^bพิมพ์คำ,^c2552
300    550 หน้า
945    ^p340^l0^i026734
995    ทศพร
999 ^a ใช้งานได้ทุกระบบ
รายการนี้ยังไม่มีแท็ก
คุณยังไม่ได้ล็อกอิน คุณสามารถมีกิจกรรมร่วมกับเว็บไซต์ได้ แต่ต้องล็อกอินก่อน ::
  ล็อกอิน

รายการสื่อสารสนเทศ

ลำดับที่ ประเภท เลขเรียก/บาร์โค้ด สถานที่ สถานะ
- ไม่พบข้อมูล -

รายการใกล้เคียง
    ผู้แต่ง [ณารา]

BibComment


ยังไม่เคยถูกคอมเมนท์

คอมเมนท์ทรัพยากรรายการนี้
  คอมเมนท์: รอยรักหักเหลี่ยมต..


 Copyright 2026. Bcnsprnw @Library